000 01510nam1a22003011 4500
001 rc\3027068
005 20250807185455.0
035 _a(NLR Aleph) 007216847
090 _a88697
_c88697
100 _a20110929d1941 u y0rusy50 ca
101 0 _arus
102 _aRU
105 _ay z |||||
200 1 _aНачала общей военно-полевой хирургии, взятые из наблюдений военно-госпитальной практики и воспоминаний о Крымской войне и Кавказской экспедиции
_eЧ. 1-
_fН. Пирогов
_gПод общ. ред. акад. Н.Н. Бурденко
210 _aМосква
_aЛенинград
_cМедгиз
_d1941
_eЛенинград
_gТип. "Печатный двор"
215 _d23 см
600 1 _aПирогов
_bН.И.
_f1810-1881
_gНиколай Иванович
700 1 _aПирогов
_bН. И.
_cхирург
_f1810-1881
_gНиколай Иванович
_3RU\NLR\AUTH\7734976
702 1 _aБурденко
_bН. Н.
_f1876-1946
_gНиколай Нилович
_3RU\NLR\AUTH\77120016
_4340
702 1 _aСмирнов
_bЕ.Н.
_4570
801 0 _aRU
_bNLR
_gpsbo
801 1 _aRU
_bELAR
_2rusmarc
852 _aNLR
_jМд40 Г-5/61
942 _cBOOK
945 _aРоссийская национальная библиотека
_aЦентральная городская библиотека Нижнего Новгорода
980 _aBV
980 _aNB